| 000 | 00338nam a22001217a 4500 | ||
|---|---|---|---|
| 999 |
_c11450 _d11450 |
||
| 008 | 160709b xxu||||| |||| 00| 0 eng d | ||
| 020 | _a8131408701 | ||
| 020 | _a9788131408704 | ||
| 050 | _aHD4605 .B43 2007 | ||
| 100 | _aBhaskaran P. Bala | ||
| 245 |
_aKPO a shifting paradigm / _cedited by P. Bala Bhaskaran. |
||
| 250 | _a1st ed | ||
| 260 |
_aHyderabad, India : _bThe Icfai University Press, _c2007. |
||
| 300 |
_avii, 232 pages : _c23cm. _billustrations, map ; |
||
| 500 | _aIncludes index. | ||
| 650 | _aContracting out. | ||
| 650 | _aKnowledge management. | ||
| 942 |
_2lcc _cSH_L_BOOKS |
||